Аритметика (Запис номер 124431)
[ съкратено ]
| 000 -Лидер | |
|---|---|
| Контролно поле с фиксирана дължина | 01682nam a2200385 c 4500 |
| 003 - Код на организацията, давaща контролен номер | |
| Контролно поле | BLK |
| 005 - Дата и час на последна редакция | |
| Контролно поле | 20180422111019.0 |
| 008 - Елементи от данни с фиксирана дължина | |
| fixed length control field | 180409b bul|||||r ||||||| ||bul|| |
| 010 ## - Наследен системен номер | |
| LC control number | KNG00130097000 |
| 040 ## - Източник на каталожния запис | |
| Идентификатор на билиотеката - собственик на записа | BLK |
| 041 ## - Код за език | |
| Код за езика на текст/звукозапис или на отделно заглавие | Български |
| Код за езика КДБФ | Български |
| 080 ## - УДК | |
| Текстов определител УДК | Основи на математиката в основното образование |
| УДК код - определител по УДК | 372.47 |
| УДК определител | (075.2) |
| УДК - код + определител | 372.47(075.2) |
| 100 1# - Редна дума - Автор | |
| Автор | Христов, Методи |
| Авторска отговорност | първи автор |
| R(LIN) | 377369 |
| 139 ## - Редно поле | |
| Редна дума | Аритметика |
| Авторски знак | Ари - А 84 |
| 245 10 - Сведения за заглавието | |
| Заглавие | Аритметика |
| Подзаглавни данни | Учебник за IV кл. на средните политехн. у-ща |
| Редно поле (дума) | Методи Христов; * Анка Кирлиева; * Димитър Николов; * Раденко Раденков. |
| 250 ## - Област на изданието | |
| Сведения за изданието | 4. стер. изд. |
| 257 ## - Страна на издаване | |
| Страна на създаване/издаване | България |
| 260 ## - Област на издателските данни | |
| -- | София |
| Име на издателя, разпространителя и проч. | Нар. просв. |
| Година на издаване | 1960 |
| 300 ## - Физическа характеристика | |
| Страници | 147 с. |
| Илюстрации и др. | с ил. |
| Размери/Мащаб | 24 см |
| 380 ## - Жанр | |
| Жанр | Обществени науки |
| 500 ## - Общи забележки | |
| Забележка | Други авт.: Р. Раденков, Д. Николов, А. Кирлиева. - 1. изд. 1957. - 125 063 тир. |
| 650 #4 - Допълнително описание по предмет – тема | |
| Основно описание – тема или топоним | Аритметика - учебници за основни училища |
| 9 (RLIN) | 274699 |
| 653 ## - Ключова дума – ненормативна | |
| Ключова дума | математика |
| 653 ## - Ключова дума – ненормативна | |
| Ключова дума | аритметика |
| 653 ## - Ключова дума – ненормативна | |
| Ключова дума | учебници за основни училища |
| 653 ## - Ключова дума – ненормативна | |
| Ключова дума | ІV кл. |
| 700 1# - Други автори (авторска отговорност) | |
| Лично име | Кирлиева, Анка |
| Автороска отговорност (Описва отношението между автора и произведението) | * |
| 9 (RLIN) | 78991 |
| 700 1# - Други автори (авторска отговорност) | |
| Лично име | Николов, Димитър |
| Автороска отговорност (Описва отношението между автора и произведението) | * |
| 9 (RLIN) | 366280 |
| 700 1# - Други автори (авторска отговорност) | |
| Лично име | Раденков, Раденко |
| Автороска отговорност (Описва отношението между автора и произведението) | * |
| 9 (RLIN) | 377377 |
| 852 ## - Местоположение | |
| Форматна сигнатура | Цб 15902 |
| 856 4# - Електронен адрес и достъп | |
| Електронен формат | pdf - файл |
| Път до файла /url/ | |
| 856 4# - Електронен адрес и достъп | |
| Електронен формат | pdf - файл |
| Път до файла /url/ | |
| 942 ## - АРТИКУЛИ | |
| Вид на библиотечния материал | Книги |
| Скрит в OPAC | Не |
| 944 ## - СЪЗДАВАНЕ И РЕДАКЦИЯ на ЗАПИСА | |
| Създаване/Редакция | Създаване |
| Дата на регистрацията/редакция | 26.04.2012 |
| Статус, дата на статуса | 26.04.2012 - от С1,Р / 26.04.2012 |
| Служител, извършил регистрацията/редакцията | Людмила_Стоянова |
| 944 ## - СЪЗДАВАНЕ И РЕДАКЦИЯ на ЗАПИСА | |
| Създаване/Редакция | Редакция |
| Дата на регистрацията/редакция | 26.04.2012 |
| Статус, дата на статуса | 26.04.2012 - от С1,Р / 26.04.2012 |
| Служител, извършил регистрацията/редакцията | |
| 999 ## - СИСТЕМНИ КОНТРОЛНИ НОМЕРА | |
| Koha biblionumber | 124431 |
| Koha biblioitemnumber | 124431 |
| Код за отписване | Код за изгубен артикул | Източник на класификационната схема | Код за повреда | Коз за рестрикции | Код за отдаване | Артикулен № | Име на библиотеката - собственик | Име на библиотеката, в която се намира в момента | Статус (Текущо местоположение) | Дата на вписване в системата | Местоположение - отдел | Цена в лева | Инвентарен номер | Систематично азбучна сигнатура | Баркод | Номер на екземпляра | Цена в евро | Служебна бележка | Служебен тип на артикула |
|---|---|---|---|---|---|---|---|---|---|---|---|---|---|---|---|---|---|---|---|
| Не е изгубен | Universal Decimal Classification | Не е повреден | без рестрикции | ползва се в читалня | 201886 | Регионална библиотека "Любен Каравелов" Русе | Регионална библиотека "Любен Каравелов" Русе | Хранилище | 1960-01-01 | Хранилище | 0.36 | 2306/60 | Цб 15902 | 900000084663 | 1 | 0.18 | Вид: Сф Дата: 01.01.1960 | Книги |